000 00315nam a22001337a 4500
020 _a978-1118343289
041 _aENG
100 _aLillesand .T.M
245 _aRemote Sensing And Image Interpretation
260 _aNew york
_bJohn Wiley & Sons
_c2000
300 _a724
650 _aSWCE
856 _uSWCE ( 06 )
999 _c1924
_d1924